| 000 | 01654nam a22003370a 4500 | ||
|---|---|---|---|
| 001 | PT18868 | ||
| 003 | AR-LpoUNG | ||
| 005 | 20210131232832.0 | ||
| 008 | 191001s2003||||ag |||||||||||||||||spa d | ||
| 020 |
_a9507863869 _c$4,66 |
||
| 040 |
_aAR-LpoUNG _bspa _cAR-LpoUNG _eaacr |
||
| 041 | _aspa | ||
| 044 | _aag | ||
| 082 | 0 | _a982.063 159utu | |
| 100 | 1 | _aSalas, Ernesto | |
| 245 | 1 | 0 |
_aUturuncos : _bel origen de la guerrilla peronista |
| 250 | _a1ra ed. | ||
| 260 |
_aBuenos Aires : _bBiblos, _c2003. |
||
| 300 |
_a138 p. : _btbls., gráfs., il. |
||
| 520 | _a<p>Repasa la historia de la primera fuerza guerrillera de la Argentina. Uturuncos actuó diez años antes que sus pares y por ello sólo fue considerado por los investigadores como un antecedente lejano y menor de aquellas experiencias que marcaron a una generación de argentinos.Sin embargo, al no haberse reconstruido la secuencia que va desde estos lejanos orígenes hasta las formaciones armadas de fines de los 60, la experiencia del debate generado entre los militantes, tanto peronistas como marxistas, sobre la capacidad y posibilidad de la violencia revolucionaria como forma de lucha es derivada de los acontecimientos de la segunda mitad de esta década, perdiendose la riqueza de una historia que arranca en los años inmediatamente posteriores al golpe militar de 1955.</p> | ||
| 650 | 4 | _aANALISIS HISTORICO | |
| 650 | 4 | _aARGENTINA | |
| 650 | 4 | _aASPECTOS POLITICOS | |
| 650 | 4 | _aGUERRILLEROS | |
| 650 | 4 | _aHISTORIA | |
| 650 | 4 | _aHISTORIA POLITICA | |
| 650 | 4 | _aMOVIMIENTOS DE LIBERACION NACIONAL | |
| 651 | 4 | _aArgentina | |
| 905 | _a18868 | ||
| 942 | _cLIB | ||
| 999 |
_c17759 _d17759 |
||